Detalles MARC
| 000 -CABECERA |
| campo de control de longitud fija |
01412nam a2200361 i 4500 |
| 001 - NÚMERO DE CONTROL |
| campo de control |
000038714 |
| 003 - IDENTIFICADOR DEL NÚMERO DE CONTROL |
| campo de control |
DO-SdBNP |
| 005 - FECHA Y HORA DE LA ÚLTIMA TRANSACCIÓN |
| campo de control |
20260115123814.0 |
| 006 - CÓDIGOS DE INFORMACIÓN DE LONGITUD FIJA--CARACTERÍSTICAS DEL MATERIAL ADICIONAL |
| campo de control de longitud fija |
a||||gr|||| 00| 0 |
| 007 - CAMPO FIJO DE DESCRIPCIÓN FÍSICA--INFORMACIÓN GENERAL |
| campo de control de longitud fija |
ta |
| 008 - DATOS DE LONGITUD FIJA--INFORMACIÓN GENERAL |
| campo de control de longitud fija |
130419t1991 dr 001 e spa d |
| 040 ## - FUENTE DE LA CATALOGACIÓN |
| Centro catalogador/agencia de origen |
DO-SdBNP |
| Lengua de catalogación |
spa |
| Centro/agencia transcriptor |
BNPHU |
| Normas de descripción |
rda |
| 082 #4 - NÚMERO DE LA CLASIFICACIÓN DECIMAL DEWEY |
| Número de edición |
22 |
| Número de clasificación |
158.1 |
| Número de documento/Ítem |
A561h, 1991 |
| 100 1# - ENTRADA PRINCIPAL--NOMBRE DE PERSONA |
| Nombre de persona |
Andrés, Mateo |
| 9 (RLIN) |
7205 |
| Código de función/relación |
autor |
| 245 13 - MENCIÓN DE TÍTULO |
| Título |
El hombre en busca de felicidad : |
| Resto del título |
reflexiones psicológico-espirituales sobre la felicidad humana / |
| Mención de responsabilidad, etc. |
Mateo Andrés. |
| 250 ## - MENCIÓN DE EDICIÓN |
| Mención de edición |
2ª. edición |
| 264 #4 - PRODUCCIÓN, PUBLICACIÓN, DISTRIBUCIÓN, FABRICACIÓN Y COPYRIGHT |
| Producción, publicación, distribución, fabricación y copyright |
Santo Domingo : |
| Nombre del de productor, editor, distribuidor, fabricante |
MSC, |
| Fecha de producción, publicación, distribución, fabricación o copyright |
1991. |
| 300 ## - DESCRIPCIÓN FÍSICA |
| Extensión |
215 páginas ; |
| Dimensiones |
22 cm. |
| 336 ## - TIPO DE CONTENIDO |
| Fuente |
rdacontent |
| Término de tipo de contenido |
texto |
| Código de tipo de contenido |
txt |
| 337 ## - TIPO DE MEDIO |
| Fuente |
rdamedia |
| Nombre/término del tipo de medio |
sin mediación |
| Código del tipo de medio |
n |
| 338 ## - TIPO DE SOPORTE |
| Fuente |
rdacarrier |
| Nombre/término del tipo de soporte |
volumen |
| Código del tipo de soporte |
nc |
| 490 ## - MENCIÓN DE SERIE |
| Mención de serie |
Luz ; |
| Designación de volumen o secuencia |
4 |
| 500 ## - NOTA GENERAL |
| Nota general |
Incluye datos bigráficos del autor en la contracubierta. |
| 500 ## - NOTA GENERAL |
| Nota general |
Algunos capítulos de este libro son artículos que el autor ha ido publicando durante estos últimos años en Revista Amigo del Hogar. |
| 505 0# - NOTA DE CONTENIDO CON FORMATO |
| Nota de contenido con formato |
Presupuesto. Siempre hay esperanza -- |
| Título |
Primera parte: Amar y ser amado -- |
| -- |
Segunda parte: Hacerse feliz -- |
| -- |
Tercera parte: Hacerse hombre. |
| 590 ## - NOTA LOCAL (RLIN) |
| Nota local |
Inventariado, 2024 / MF |
| 650 10 - PUNTO DE ACCESO ADICIONAL DE MATERIA--TÉRMINO DE MATERIA |
| Término de materia o nombre geográfico como elemento de entrada |
Felicidad |
| 9 (RLIN) |
5856 |
| 650 14 - PUNTO DE ACCESO ADICIONAL DE MATERIA--TÉRMINO DE MATERIA |
| Término de materia o nombre geográfico como elemento de entrada |
Actitud(psicologica) |
| 9 (RLIN) |
45938 |
| 650 10 - PUNTO DE ACCESO ADICIONAL DE MATERIA--TÉRMINO DE MATERIA |
| Término de materia o nombre geográfico como elemento de entrada |
Autorrealización (Psicología) |
| 9 (RLIN) |
211 |
| 650 14 - PUNTO DE ACCESO ADICIONAL DE MATERIA--TÉRMINO DE MATERIA |
| Término de materia o nombre geográfico como elemento de entrada |
Desarrollo humano |
| 9 (RLIN) |
213 |
| 910 ## - DATOS DE OPCIÓN DEL USUARIO (OCLC) |
| Datos de opción del usuario |
Validado. Control de la calidad EMS |
| 942 ## - ELEMENTOS DE PUNTO DE ACCESO ADICIONAL (KOHA) |
| Fuente del sistema de clasificación o colocación |
Dewey Decimal Classification |
| Tipo de ítem Koha |
Libro |